[Event "British Chess Championships 2023: British Championship"]
[Site "The Venue, De Montfort University, 20 Western Boulevard, Leicester, LE2 7BU"]
[Date "2023.07.26"]
[Round "5"]
[Board "25"]
[White "Weersing, Abigail R"]
[Black "Merriman, James"]
[Result "0-1"]
[WhiteElo "1919"]
[BlackElo "2067"]
[PlyCount "0"]
[EventDate "2023.07.22"]
[EventRounds "9"]
[EventCountry "ENG"]

1. d4 Nf6 2. c4 e6 3. Nc3 Bb4 4. Qc2 d5 5. cxd5 Qxd5 6. e3 O-O 7. Bd2 Bxc3 8. Bxc3
b6 9. f3 Ba6 10. Bxa6 Nxa6 11. Qe2 Qb7 12. Nh3 Nd5 13. Bd2 c5 14. e4 Ndb4 15. Bxb4
Nxb4 16. dxc5 bxc5 17. O-O Rfd8 18. Nf2 Rd4 19. a3 Nc6 20. Rac1 Qb6 21. Rc2 Rd6 22.
Qe3 Nd4 23. Rd2 Rad8 24. Rfd1 c4 25. Kh1 e5 26. Ng4 f6 27. Qc3 Qb3 28. Qxb3 cxb3
29. Ne3 Rc8 30. h3 Rdc6 31. Nd5 Kf7 32. Nc3 g5 33. Kg1 h5 34. Rf1 h4 35. Rfd1 a5
36. Kf2 Rc4 37. a4 Rxc3 38. bxc3 Rxc3 39. Rb1 Ke6 40. Kf1 Kd6 41. Ra1 Kc5 42. Kf2
Kb4 43. Kf1 Rc2 44. Ke1 Kc3 45. Rad1 Rxd2 46. Rxd2 b2 47. Rd1 Kc2 48. Rd2+ Kb3 49.
Rd1 Ka2 50. Kd2 b1=Q 51. Rxb1 Kxb1 52. Kc3 Ka2 53. Kc4 Ka3  0-1

[Event "British Chess Championships 2023: British Championship"]
[Site "The Venue, De Montfort University, 20 Western Boulevard, Leicester, LE2 7BU"]
[Date "2023.07.26"]
[Round "5"]
[Board "26"]
[White "Gardiner, Eric D"]
[Black "Shaw, Peter"]
[Result "0-1"]
[WhiteElo "1843"]
[BlackElo "2066"]
[PlyCount "0"]
[EventDate "2023.07.22"]
[EventRounds "9"]
[EventCountry "ENG"]

1. e4 d6 2. d4 Nf6 3. Nc3 c6 4. f4 Qa5 5. Bd3 e5 6. Nf3 exd4 7. Nxd4 g6 8. O-O Bg7
9. Kh1 O-O 10. f5 b5 11. Qe1 a6 12. Qh4 c5 13. e5 dxe5 14. Bg5 exd4 15. Bxf6 Bxf6
16. Qxf6 Qd8 17. Qxd8 Rxd8 18. Ne2 c4 19. Be4 Ra7 20. fxg6 hxg6 21. Rad1 Re7 22.
Bf3 Red7 23. Rd2 d3 24. Nf4 dxc2 25. Rxc2 Rd2 26. Rfc1 Bf5 27. Rxd2 Rxd2 28. g4 Rf2
29. gxf5 Rxf3 30. Nd5 Nc6 31. fxg6 fxg6 32. Rc2 Ne5 33. Kg2 Rf7 34. Re2 Nd3 35. b3
Nf4+ 36. Nxf4 Rxf4 37. bxc4 Rxc4 38. Kf3 Ra4 39. Ke3 Kf7 40. Kd3 g5 41. Kc3 Kf6 42.
Kd3 Kf5 43. Rg2 Kf4 44. Rf2+ Ke5 45. Kc3 a5 46. Re2+ Re4 47. Rb2 Rc4+ 48. Kd3 Rd4+
49. Ke3 b4 50. Rc2 Kd5 51. Rc8 Rh4 52. Rd8+ Kc4 53. Rc8+ Kb5 54. Rc2 Ka4 55. Rg2
Ka3 56. Rxg5 a4 57. Rg2 b3 58. axb3 axb3 59. Kf3 b2 60. Rxb2 Kxb2 61. Kg3 Rd4  0-1

[Event "British Chess Championships 2023: British Championship"]
[Site "The Venue, De Montfort University, 20 Western Boulevard, Leicester, LE2 7BU"]
[Date "2023.07.26"]
[Round "5"]
[Board "27"]
[White "Pert, Nina P"]
[Black "Mitra, Roman C"]
[Result "0-1"]
[WhiteElo "2021"]
[BlackElo "2171"]
[PlyCount "0"]
[EventDate "2023.07.22"]
[EventRounds "9"]
[EventCountry "ENG"]

1. e4 e5 2. Nf3 Nf6 3. Nxe5 d6 4. Nf3 Nxe4 5. Nc3 Nxc3 6. dxc3 Be7 7. Be3 O-O 8.
Qd2 Nd7 9. O-O-O Nf6 10. h3 c5 11. g4 Qa5 12. a3 b5 13. g5 Nd7 14. Bf4 Bb7 15. Bg2
Nb6 16. Rhe1 Nc4 17. Qd3 Rfe8 18. h4 d5 19. g6 hxg6 20. h5 Nxb2 21. Kxb2 c4 22. Qd4
Bxa3+ 23. Kb1 b4 24. Bd2 Bb2 25. Kxb2 Qa3+ 26. Kb1 b3 27. cxb3 cxb3 28. Qd3 Qa2+
29. Kc1 b2+  0-1

[Event "British Chess Championships 2023: British Championship"]
[Site "The Venue, De Montfort University, 20 Western Boulevard, Leicester, LE2 7BU"]
[Date "2023.07.26"]
[Round "5"]
[Board "28"]
[White "Koiza, Peter"]
[Black "Kueh, Audrey"]
[Result "1-0"]
[WhiteElo "1963"]
[BlackElo "2096"]
[PlyCount "0"]
[EventDate "2023.07.22"]
[EventRounds "9"]
[EventCountry "ENG"]

1. d4 d5 2. c4 c6 3. Nf3 Nf6 4. Qc2 dxc4 5. Qxc4 Bg4 6. Nc3 Nbd7 7. e4 e5 8. Nxe5
Nxe5 9. dxe5 Be6 10. Qa4 Ng4 11. Bf4 Bc5 12. Bg3 Qb6 13. Qc2 Bd4 14. Bd3 Bxe5 15.
Bxe5 Nxe5 16. O-O Rd8 17. Rad1 O-O 18. Be2 h6 19. b3 Qc5 20. Qb2 b5 21. Nd5 Ng6 22.
b4 Qd6 23. Nf6+ gxf6 24. Rxd6 Rxd6 25. Qxf6 Rfd8 26. e5 Rd2 27. f4 R8d4 28. f5 Rxe2
29. fxe6 Rdd2 30. Qxf7+  1-0

[Event "British Chess Championships 2023: British Championship"]
[Site "The Venue, De Montfort University, 20 Western Boulevard, Leicester, LE2 7BU"]
[Date "2023.07.26"]
[Round "5"]
[Board "29"]
[White "Shearsby, Jude"]
[Black "Dignam, Matthew P"]
[Result "1-0"]
[WhiteElo "2076"]
[BlackElo "2055"]
[PlyCount "0"]
[EventDate "2023.07.22"]
[EventRounds "9"]
[EventCountry "ENG"]

1. e4 e5 2. Nf3 Nc6 3. Bb5 a6 4. Ba4 Nf6 5. O-O d6 6. Re1 Bd7 7. c3 g6 8. d4 b5 9.
Bc2 Bg7 10. h3 O-O 11. Be3 exd4 12. Nxd4 Ne5 13. Nd2 c5 14. N4f3 Qc7 15. a4 Rfe8
16. Nxe5 dxe5 17. Nb3 Bf8 18. Qf3 Nh5 19. Nc1 c4 20. g4 Nf4 21. Bxf4 exf4 22. axb5
axb5 23. Rxa8 Rxa8 24. Ne2 Bh6 25. h4 Ra2 26. g5 Bg7 27. Nxf4 Rxb2 28. Nd5 Qe5 29.
Ra1 Bc6 30. Ra7 Rxc2 31. Qxf7+ Kh8 32. Re7 Bxd5 33. exd5 Rc1+ 34. Kg2  1-0

[Event "British Chess Championships 2023: British Championship"]
[Site "The Venue, De Montfort University, 20 Western Boulevard, Leicester, LE2 7BU"]
[Date "2023.07.26"]
[Round "5"]
[Board "30"]
[White "Khoury, Theo"]
[Black "Cox, Toby"]
[Result "1-0"]
[WhiteElo "2066"]
[BlackElo "1967"]
[PlyCount "0"]
[EventDate "2023.07.22"]
[EventRounds "9"]
[EventCountry "ENG"]

1. e4 e6 2. d4 d5 3. Nc3 Nf6 4. e5 Nfd7 5. f4 c5 6. Nf3 Nc6 7. Be3 a6 8. Ne2 Qb6
9. Qc1 f6 10. c3 a5 11. f5 exf5 12. e6 Ndb8 13. Nf4 Qd8 14. Qc2 cxd4 15. Nxd4 Nxd4
16. cxd4 Bb4+ 17. Kf2 g6 18. Bb5+ Ke7 19. a3 Bd6 20. Nxd5+ Kxe6 21. Nb6 f4 22. Qb3+
Ke7 23. Nxa8 fxe3+ 24. Qxe3+ Kf7 25. Rac1 Nc6 26. d5 Ne5 27. h3 Bf5 28. Nb6 Bc7 29.
Na4 Qd6 30. Rhd1 Nd7 31. Bxd7 Bxd7 32. Nc5 Re8 33. Qf3 Bb6 34. b4 Re5 35. g4 Bb5
36. Rd2 h5 37. Kg2 Bc7 38. Ne4 Rxe4 39. Rxc7+ Qxc7 40. Qxe4 h4 41. Qe3 axb4 42. axb4
Qd6 43. g5 Bc4 44. gxf6 Bxd5+ 45. Kg1 Qe6 46. Qxe6+ Bxe6 47. Rf2 Bxh3 48. Rh2 Be6
49. Rxh4 Kxf6 50. Kf2 Bd5 51. Ke3 g5 52. Rh7 g4 53. Kf4 Bf3 54. Rh6+ Ke7 55. Rg6
Kf7 56. Rh6 Ke7 57. b5 Kf7 58. Ke5 Kg7 59. Rf6 Be2 60. b6 Bf3 61. Rf5 Kg6 62. Rf8
Kg5 63. Rg8 Kh4 64. Kf4 Kh3 65. Rd8 Kg2 66. Rd2+ Kh3 67. Rc2 Bd1 68. Rf2 Ba4 69.
Rd2 Bb5 70. Rd5 Be2 71. Rd7 Bf3 72. Rd2 Bc6 73. Rd3+ Kh4 74. Rd8 Kh5 75. Rh8+ Kg6
76. Kxg4 Bg2 77. Kf4 Kf6 78. Rh6+ Ke7 79. Ke5 Kd7 80. Rd6+ Ke7 81. Rd2 Bh1 82. Rh2
Bc6 83. Rh7+ Kd8 84. Kd6 Ke8 85. Rh8+ Kf7 86. Rb8  1-0

[Event "British Chess Championships 2023: British Championship"]
[Site "The Venue, De Montfort University, 20 Western Boulevard, Leicester, LE2 7BU"]
[Date "2023.07.26"]
[Round "5"]
[Board "31"]
[White "Burrows, Martin P"]
[Black "Payne, Matthew J"]
[Result "1-0"]
[WhiteElo "2101"]
[BlackElo "2104"]
[PlyCount "0"]
[EventDate "2023.07.22"]
[EventRounds "9"]
[EventCountry "ENG"]

1. e4 e6 2. d4 d5 3. e5 c5 4. c3 Nc6 5. Nf3 Bd7 6. Be2 f6 7. O-O Qc7 8. Bf4 f5 9.
h4 O-O-O 10. dxc5 Bxc5 11. b4 Bb6 12. a4 a5 13. Na3 Nce7 14. h5 Kb8 15. Nb5 Bxb5
16. axb5 axb4 17. cxb4 Nc8 18. Qb3 Nge7 19. Ng5 Qd7 20. Nf7 Nc6 21. Nxh8 Nd4 22.
Qa2 Nxe2+ 23. Qxe2 Rxh8 24. Ra3 Na7 25. Rfa1 Bd4 26. b6 Bxb6 27. Qa2  1-0

[Event "British Chess Championships 2023: British Championship"]
[Site "The Venue, De Montfort University, 20 Western Boulevard, Leicester, LE2 7BU"]
[Date "2023.07.27"]
[Round "6"]
[Board "1"]
[White "Hebden, Mark L"]
[Black "Adams, Michael"]
[Result "1/2-1/2"]
[WhiteElo "2436"]
[BlackElo "2666"]
[PlyCount "0"]
[EventDate "2023.07.22"]
[EventRounds "9"]
[EventCountry "ENG"]

1. Nf3 d5 2. d4 Nf6 3. c4 e6 4. Nc3 Be7 5. Bg5 h6 6. Bh4 O-O 7. e3 b6 8. Bd3 Bb7
9. O-O Nbd7 10. Qe2 c5 11. Rac1 Ne4 12. Bxe7 Qxe7 13. cxd5 Nxc3 14. Rxc3 Bxd5 15.
Bb1 Rfc8 16. Rfc1 a5 17. e4 Bb7 18. e5 cxd4 19. Rxc8+ Rxc8 20. Rxc8+ Bxc8 21. Qe4
Qc5 22. h4 Kf8 23. Bd3 Ke7 24. h5 Qc1+ 25. Kh2 Qc7 26. Bb5 d3 27. Bxd7 Qxd7 28. Qh7
Bb7 29. Qxg7 Bxf3 30. Qf6+ Ke8 31. Qh8+  1/2-1/2

[Event "British Chess Championships 2023: British Championship"]
[Site "The Venue, De Montfort University, 20 Western Boulevard, Leicester, LE2 7BU"]
[Date "2023.07.27"]
[Round "6"]
[Board "2"]
[White "Wadsworth, Matthew J"]
[Black "Fernandez, Daniel H"]
[Result "0-1"]
[WhiteElo "2431"]
[BlackElo "2518"]
[PlyCount "0"]
[EventDate "2023.07.22"]
[EventRounds "9"]
[EventCountry "ENG"]

1. c4 c6 2. Nf3 d5 3. cxd5 cxd5 4. d4 Nc6 5. Nc3 Nf6 6. Bf4 a6 7. Rc1 Qb6 8. Na4
Qa5+ 9. Bd2 Qd8 10. Qb3 e6 11. Nb6 Rb8 12. Ne5 Ne4 13. Nxc8 Nxd2 14. Kxd2 Nxe5 15.
dxe5 Rxc8 16. Qxb7 Bc5 17. Qxa6 O-O 18. Kd1 Ra8 19. Qd3 Bxf2 20. e3 Rxa2 21. Qd4
Qg5 22. Ke2 Rxb2+ 23. Qxb2 Qxe3+ 24. Kd1 Qe1+ 25. Kc2 Rc8+ 26. Kb1 Qe4+ 27. Rc2 Bd4
28. Ba6 Bxb2 29. Bxc8 Bxe5 30. Bd7 Qb4+ 31. Ka2 Qa5+ 32. Kb3 Qb6+ 33. Ka3 Bd6+  0-1

[Event "British Chess Championships 2023: British Championship"]
[Site "The Venue, De Montfort University, 20 Western Boulevard, Leicester, LE2 7BU"]
[Date "2023.07.27"]
[Round "6"]
[Board "3"]
[White "Pert, Nicholas"]
[Black "Willow, Jonah B"]
[Result "1-0"]
[WhiteElo "2536"]
[BlackElo "2421"]
[PlyCount "0"]
[EventDate "2023.07.22"]
[EventRounds "9"]
[EventCountry "ENG"]

1. d4 Nf6 2. Nf3 d5 3. c4 e6 4. Nc3 dxc4 5. e4 Bb4 6. Bxc4 Nxe4 7. O-O Nf6 8. Qa4+
Nc6 9. Ne5 Bd6 10. Nxc6 bxc6 11. Qxc6+ Bd7 12. Qf3 O-O 13. Bg5 h6 14. Bh4 Rb8 15.
b3 Rb6 16. Ne4 Be7 17. Nxf6+ Bxf6 18. Bxf6 Qxf6 19. Qxf6 gxf6 20. d5 Rd6 21. dxe6
Bxe6 22. Rfc1 Rfd8 23. h3 c6 24. Bxe6 Rxe6 25. Rc2 Rd5 26. Rac1 Ra5 27. Rd2 Rd5 28.
Rdc2 Ra5 29. a4 Ra6 30. Rd1 Kf8 31. Rc4 Rb6 32. b4 a5 33. bxa5 Ra6 34. Rd8+ Re8 35.
Rxe8+ Kxe8 36. Rc5 Kd7 37. g4 Ra8 38. Rf5 Ke6 39. Kf1 Rc8 40. Ke2 c5 41. Kd3 c4+
42. Kc3 Rc6 43. Rh5  1-0

[Event "British Chess Championships 2023: British Championship"]
[Site "The Venue, De Montfort University, 20 Western Boulevard, Leicester, LE2 7BU"]
[Date "2023.07.27"]
[Round "6"]
[Board "4"]
[White "Claridge-Hansen, William"]
[Black "Grieve, Harry"]
[Result "1/2-1/2"]
[WhiteElo "2332"]
[BlackElo "2459"]
[PlyCount "0"]
[EventDate "2023.07.22"]
[EventRounds "9"]
[EventCountry "ENG"]

1. Nf3 d5 2. e3 Nf6 3. c4 e6 4. Nc3 b6 5. b3 Bb7 6. Bb2 Nbd7 7. g3 c5 8. Bg2 d4 9.
exd4 cxd4 10. Nb5 d3 11. O-O Be7 12. Re1 O-O 13. Re3 Nc5 14. Ne5 Bxg2 15. Kxg2 a6
16. Nd4 Qc7 17. b4 Bd6 18. Ndc6 Ncd7 19. Qf3 Rac8 20. b5 Nxe5 21. Bxe5 Bxe5 22. Rxe5
axb5 23. cxb5 Nd7 24. Rh5 Nc5 25. a4 f5 26. a5 bxa5 27. Rxa5 Qd6 28. Ra7 Rc7 29.
Rxc7 Qxc7 30. Rh4 Qb7 31. Rb4 Rc8 32. h4 Ne4 33. Rxe4 fxe4 34. Qxe4 Qd7 35. h5 Rc7
36. f3 Qd6 37. Qa4 Qc5 38. h6 gxh6 39. Qg4+ Qg5 40. Qxe6+ Kg7 41. f4 Qxb5 42. Nd4
Qb7+ 43. Kh2 Rc5 44. Qe8 Qc8 45. Ne6+ Kf6 46. Nd8 Kf5 47. Kh3 h5 48. Qe7 Rc1 49.
Qxh7+ Kf6+ 50. Kg2 Qxd8 51. Qh6+ Kf7 52. Qxh5+ Kg7 53. Qg4+ Kf8 54. Qf5+ Ke8 55.
Qh5+ Kd7 56. Qd5+ Ke8 57. Qg8+ Kd7 58. Qd5+ Ke8 59. Qg8+ Ke7 60. Qg5+ Kd7  1/2-1/2

[Event "British Chess Championships 2023: British Championship"]
[Site "The Venue, De Montfort University, 20 Western Boulevard, Leicester, LE2 7BU"]
[Date "2023.07.27"]
[Round "6"]
[Board "5"]
[White "Pert, Richard G"]
[Black "Ledger, Andrew J"]
[Result "1/2-1/2"]
[WhiteElo "2421"]
[BlackElo "2299"]
[PlyCount "0"]
[EventDate "2023.07.22"]
[EventRounds "9"]
[EventCountry "ENG"]

1. e4 c6 2. d4 d5 3. exd5 cxd5 4. Nf3 Nf6 5. Bf4 Nc6 6. Nbd2 a6 7. c3 Bf5 8. Be2
e6 9. Nh4 Bg6 10. Qb3 b5 11. Nxg6 hxg6 12. a4 b4 13. a5 Bd6 14. Bxd6 Qxd6 15. Nf3
bxc3 16. bxc3 Ne4 17. Bd3 f5 18. Qa3 Ke7 19. O-O Qxa3 20. Rxa3 Rhb8 21. g3 Rb2 22.
Rb1 Rxb1+ 23. Bxb1 Nd6 24. Bd3  1/2-1/2

[Event "British Chess Championships 2023: British Championship"]
[Site "The Venue, De Montfort University, 20 Western Boulevard, Leicester, LE2 7BU"]
[Date "2023.07.27"]
[Round "6"]
[Board "6"]
[White "Han, Yichen"]
[Black "Turner, Max N"]
[Result "1/2-1/2"]
[WhiteElo "2413"]
[BlackElo "2252"]
[PlyCount "0"]
[EventDate "2023.07.22"]
[EventRounds "9"]
[EventCountry "ENG"]

1. Nf3 d5 2. g3 Nf6 3. Bg2 e6 4. O-O Be7 5. d3 O-O 6. Nbd2 Nc6 7. e4 dxe4 8. dxe4
e5 9. Qe2 Bc5 10. Nc4 Qe7 11. c3 a5 12. Nh4 Bg4 13. Qc2 Rad8 14. Ne3 Be6 15. Nef5
Qd7 16. Bg5 Qd3 17. Qc1 Nxe4 18. Bxe4 Qxe4 19. Re1 Qg4 20. Bxd8 Rxd8 21. Qc2 Qg5
22. Ne3 g6 23. Rad1 Rxd1 24. Qxd1 e4 25. Kh1 Ne5 26. f4 exf3 27. Nxf3 Nxf3 28. Qxf3
Bxa2 29. c4 Qe5 30. Re2 Qd4 31. Qf4 Qxf4 32. gxf4 Bxe3 33. Rxe3 Bxc4 34. Re7 b5 35.
Rxc7 Kg7 36. Kg2 Kf6 37. Kf3 Ke6 38. Ke4 Kd6 39. Ra7 a4 40. Kd4 Ke6 41. Ke4 Kf6 42.
Ra6+ Kg7 43. Kf3 Kh6 44. Kg4 Be6+ 45. Kh4 Kg7 46. Rb6 Bc4 47. Kg3  1/2-1/2

[Event "British Chess Championships 2023: British Championship"]
[Site "The Venue, De Montfort University, 20 Western Boulevard, Leicester, LE2 7BU"]
[Date "2023.07.27"]
[Round "6"]
[Board "7"]
[White "Gasanov, Eldar"]
[Black "Toma, Katarzyna"]
[Result "0-1"]
[WhiteElo "2481"]
[BlackElo "2259"]
[PlyCount "0"]
[EventDate "2023.07.22"]
[EventRounds "9"]
[EventCountry "ENG"]

1. d4 Nf6 2. Nf3 e6 3. c4 b6 4. g3 Ba6 5. Qa4 Bb7 6. Bg2 c5 7. dxc5 bxc5 8. O-O Be7
9. Nc3 O-O 10. Rd1 Qb6 11. Bf4 d6 12. Rd2 h6 13. h3 Rd8 14. Rad1 e5 15. Be3 Nc6 16.
g4 Nd4 17. g5 hxg5 18. Nxg5 Bxg2 19. Kxg2 Qb7+ 20. Kh2 g6 21. Rg1 Kg7 22. Qd1 Rh8
23. Qb1 Qd7 24. Kg2 Nf5 25. Kf1 Nxe3+ 26. fxe3 Rxh3 27. Nxh3 Qxh3+ 28. Ke1 Qxe3 29.
Rf1 Ng4 30. Nd5 Qg3+ 31. Kd1 Bg5 32. e3 Nxe3+ 33. Nxe3 Bxe3 34. Qd3 Qg4+ 35. Re2
Bd4 36. Kc2 Rb8 37. Kb1 e4 38. Qd1 f5 39. Rh1 e3 40. Ka1 Qe4 41. Rg1 Rxb2 42. Rxb2
e2 43. Qb1 Qxb1+ 44. Kxb1 Bxg1 45. Rxe2 Kf6 46. Kc2 Bd4 47. Re8 g5 48. Kd3 g4 49.
Ra8 f4 50. Ke4 f3 51. Rf8+ Kg5 52. Rf7 f2 53. Kd3 g3  0-1

[Event "British Chess Championships 2023: British Championship"]
[Site "The Venue, De Montfort University, 20 Western Boulevard, Leicester, LE2 7BU"]
[Date "2023.07.27"]
[Round "6"]
[Board "8"]
[White "Bates, Richard A"]
[Black "Jackson, James P"]
[Result "1/2-1/2"]
[WhiteElo "2324"]
[BlackElo "2390"]
[PlyCount "0"]
[EventDate "2023.07.22"]
[EventRounds "9"]
[EventCountry "ENG"]

1. d4 Nf6 2. Nf3 g6 3. g3 Bg7 4. c4 O-O 5. Bg2 d6 6. O-O c5 7. dxc5 dxc5 8. Ne5 Qd4
9. Qxd4 cxd4 10. e3 dxe3 11. Bxe3 Ne4 12. f4 Nd6 13. Na3 Nd7 14. Nd3 Nb6 15. Rac1
Na4 16. Nb5 Bf5 17. Ne5 Nxb2 18. g4 Be6 19. Nc7 Bxc4 20. Rf2 Rac8 21. Rxb2 Rxc7 22.
Bxa7 b5 23. Bb6 Rcc8 24. Rbc2 Bxa2 25. Nc6 Rxc6 26. Bxc6 Bb3 27. Re2 Bc4 28. Rec2
Be6 29. Bc5 Bxg4 30. Bxd6 exd6 31. Bxb5 Bd4+ 32. Kg2 Be3 33. Rf1 d5 34. Bd3 Kg7 35.
Kg3 Bh5 36. Re1 d4 37. Rb1 Ra8 38. Rcb2 Rc8 39. Rc2 Rc3 40. Rxc3 dxc3 41. Rb7 Bd1
42. Rc7 Bd2 43. Rc6 h5 44. f5 g5 45. f6+ Kh6 46. h3 Be1+ 47. Kg2 g4 48. hxg4 hxg4
49. Rc5 Bf3+ 50. Kf1 Bh4 51. Rxc3 Bxf6 52. Rc4 Be5 53. Be2 Bxe2+ 54. Kxe2 Kg5 55.
Rc5 Kf4 56. Kf1 f5 57. Kg2 Bd4 58. Rc8 Ke4 59. Re8+ Be5 60. Rg8 Kf4 61. Rf8 Kg5 62.
Rg8+ Kf6 63. Kf2 Kf7 64. Rg5 Kf6 65. Rg8 Bf4 66. Rf8+ Ke6 67. Kg2 Bh6 68. Rg8 Bf4
69. Rf8 Bd6 70. Rg8 Kf7 71. Rg5 Kf6 72. Rg8 Be5 73. Rf8+ Kg6 74. Re8 Bf6 75. Rg8+
Bg7 76. Kg3 Kf7 77. Ra8 Kg6 78. Rg8 Kf7 79. Ra8 Be5+ 80. Kh4 Bf6+ 81. Kg3 Be5+  1/2-1/2

[Event "British Chess Championships 2023: British Championship"]
[Site "The Venue, De Montfort University, 20 Western Boulevard, Leicester, LE2 7BU"]
[Date "2023.07.27"]
[Round "6"]
[Board "9"]
[White "Jones, Steven A"]
[Black "Eggleston, David J"]
[Result "1-0"]
[WhiteElo "2175"]
[BlackElo "2358"]
[PlyCount "0"]
[EventDate "2023.07.22"]
[EventRounds "9"]
[EventCountry "ENG"]

1. e4 e6 2. d4 d5 3. Nc3 Nf6 4. Bg5 dxe4 5. Nxe4 Nbd7 6. Nf3 h6 7. Bxf6 Nxf6 8. Nxf6+
Qxf6 9. Bb5+ c6 10. Bd3 Bd6 11. c3 Bd7 12. Qe2 c5 13. Be4 cxd4 14. Nxd4 Rb8 15. Rd1
O-O 16. Nf3 e5 17. Qd2 Bf5 18. Bxf5 Qxf5 19. Qxd6 Qe4+ 20. Kf1 Qc4+ 21. Kg1 Qxa2
22. Qa3 Rfd8 23. Rxd8+ Rxd8 24. h3 Qxa3 25. bxa3 Rd3 26. Kh2 Rxc3 27. Rd1 e4 28.
Rd8+ Kh7 29. Nd2 f5 30. Rd7 Rxa3 31. Rxb7 Ra2 32. Rd7 Kg6 33. g4 Kf6 34. gxf5 Ke5
35. Kg2 a5 36. Nc4+ Kxf5 37. Rd5+ Kf4 38. Rxa5 Rxa5 39. Nxa5 e3 40. fxe3+ Kxe3 41.
Kg3 g5 42. Nc4+ Kd4 43. Nd6 h5 44. Nf7 g4 45. h4 Ke4 46. Nd6+ Ke5 47. Ne8 Kf5 48.
Ng7+ Kg6 49. Ne6 Kh7 50. Nf4 Kh6 51. Kg2  1-0

[Event "British Chess Championships 2023: British Championship"]
[Site "The Venue, De Montfort University, 20 Western Boulevard, Leicester, LE2 7BU"]
[Date "2023.07.27"]
[Round "6"]
[Board "10"]
[White "Ashton, Adam G"]
[Black "Kanyamarala, Tarun"]
[Result "1/2-1/2"]
[WhiteElo "2314"]
[BlackElo "2344"]
[PlyCount "0"]
[EventDate "2023.07.22"]
[EventRounds "9"]
[EventCountry "ENG"]

1. e4 c5 2. Nf3 Nc6 3. Bb5 e6 4. O-O Nge7 5. d4 cxd4 6. Nxd4 Qb6 7. Nxc6 bxc6 8.
Bd3 Ng6 9. c4 Be7 10. Nc3 c5 11. f4 O-O 12. Qh5 Qd6 13. Rf3 Nh4 14. Rh3 Ba6 15. e5
Qd4+ 16. Kf1 g6 17. Qe2 Rab8 18. Be3 Rxb2 19. Bxd4 Rxe2 20. Nxe2 cxd4 21. Nxd4 f6
22. Nf3 Nxf3 23. gxf3 Bc5 24. exf6 Rxf6 25. Rh4 Be3 26. Rb1 Bxf4 27. Ke2 h6 28. Rb4
g5 29. Rg4 Bxh2 30. Ra4 Bb7 31. Be4 d5 32. cxd5 exd5 33. Rxa7 Ba6+ 34. Rxa6 Rxa6
35. Bxd5+ Kg7 36. Rb4 Ra3 37. Rb2 h5 38. Kf2 Bf4 39. Bb3 Kf6 40. Rc2 Ke5 41. Rc5+
 1/2-1/2

[Event "British Chess Championships 2023: British Championship"]
[Site "The Venue, De Montfort University, 20 Western Boulevard, Leicester, LE2 7BU"]
[Date "2023.07.27"]
[Round "6"]
[Board "11"]
[White "Boswell, Jacob Connor"]
[Black "Derakhshani, Borna"]
[Result "1/2-1/2"]
[WhiteElo "2163"]
[BlackElo "2341"]
[PlyCount "0"]
[EventDate "2023.07.22"]
[EventRounds "9"]
[EventCountry "ENG"]

1. Nf3 Nf6 2. c4 e6 3. g3 b6 4. Bg2 Bb7 5. O-O Be7 6. d4 O-O 7. Re1 d5 8. cxd5 exd5
9. Nc3 Nbd7 10. Bf4 c6 11. Rc1 Re8 12. Ne5 Nh5 13. Bd2 Nxe5 14. dxe5 g6 15. f4 Qd7
16. Qa4 b5 17. Qd4 c5 18. Qf2 b4 19. Nd1 Rac8 20. Ne3 f6 21. Qf3 Rcd8 22. Ng4 Kh8
23. Be3 d4 24. Qxb7 Qxg4 25. exf6 Nxf6 26. Bf2 Bf8 27. Qc6 Re6 28. Qc7 Rd7 29. Qc8
Re8 30. Qc6  1/2-1/2

[Event "British Chess Championships 2023: British Championship"]
[Site "The Venue, De Montfort University, 20 Western Boulevard, Leicester, LE2 7BU"]
[Date "2023.07.27"]
[Round "6"]
[Board "12"]
[White "Balaji, Aaravamudhan"]
[Black "Yao, Lan"]
[Result "1/2-1/2"]
[WhiteElo "2334"]
[BlackElo "2242"]
[PlyCount "0"]
[EventDate "2023.07.22"]
[EventRounds "9"]
[EventCountry "ENG"]

1. d4 Nf6 2. c4 e6 3. Nc3 Bb4 4. e3 d5 5. a3 Bxc3+ 6. bxc3 O-O 7. cxd5 exd5 8. Bd3
c5 9. Ne2 b6 10. O-O Ba6 11. f3 Bxd3 12. Qxd3 Re8 13. Ng3 Nc6 14. Bb2 c4 15. Qd2
b5 16. Rae1 a5 17. e4 Ne7 18. Qf4 Ng6 19. Qf5 Ne7 20. Qh3 Qc8 21. Qh4 Ng6 22. Qg5
h6 23. Qd2 Ne7 24. Qc2 Nh7 25. Bc1 b4 26. axb4 axb4 27. cxb4 Qb7 28. Qc3 Ra4 29.
exd5 Rc8 30. Qc2 Ra6 31. b5 Rg6 32. d6 Rxd6 33. Ba3 Rd7 34. Rxe7 Rxe7 35. Bxe7 Qxe7
36. Nf5 Qf6 37. Re1 Kh8 38. Re5 Nf8 39. h3 Ne6 40. Rd5 Nf4 41. Rd6 Ne6 42. Qe4 Qg5
43. Rc6 Rd8 44. Nd6 Qc1+ 45. Kh2 Ng5 46. Qf5 Qe3 47. h4 Qxd4 48. hxg5 Rxd6 49. Rc8+
Rd8 50. Rxd8+ Qxd8 51. gxh6 Qh4+ 52. Qh3 Qf4+ 53. Kg1 gxh6 54. Qc8+ Kh7 55. Qc5 Qc1+
56. Kh2 c3 57. Qf5+ Kg7 58. Qe5+ Kg6 59. b6 Qb2 60. Qe4+ Kg7 61. Qg4+ Kh7 62. Qd4
Qb1 63. Qf6 Qg6 64. Qxc3 Qxb6 65. Kg3 Qg6+ 66. Kf2 Qb6+ 67. Ke2 Qe6+ 68. Kf1 Qa6+
69. Kg1 Qb6+ 70. Kh1 Qd6 71. Qc4 Qf6 72. Kg1 Kg7 73. Kf2 Qb6+ 74. Kg3 Qg6+ 75. Kh2
Qh5+ 76. Kg1 Qe5 77. Qg4+ Qg5 78. Qd4+ Qf6 79. Qc5 Qg5 80. Qc7 Qh4 81. Kf1 Qd4 82.
Qc1 Kg6 83. Ke2 Qe5+ 84. Kf2 Qg5 85. Qc6+ Qf6 86. Qe8 Qh4+ 87. g3 Qh2+ 88. Ke3 Qg1+
89. Ke2 Qg2+ 90. Ke3 Qg1+ 91. Ke2 Qg2+ 92. Ke3  1/2-1/2

[Event "British Chess Championships 2023: British Championship"]
[Site "The Venue, De Montfort University, 20 Western Boulevard, Leicester, LE2 7BU"]
[Date "2023.07.27"]
[Round "6"]
[Board "13"]
[White "Dong, Bao Nghia"]
[Black "Volovich, Julia"]
[Result "1-0"]
[WhiteElo "2327"]
[BlackElo "1811"]
[PlyCount "0"]
[EventDate "2023.07.22"]
[EventRounds "9"]
[EventCountry "ENG"]

1. d4 Nf6 2. c4 g6 3. Nc3 d5 4. cxd5 Nxd5 5. g3 Bg7 6. Bg2 Nxc3 7. bxc3 c5 8. e3
Qa5 9. Bd2 O-O 10. Ne2 Nc6 11. O-O Qa6 12. Nf4 Bd7 13. a4 Rac8 14. Re1 b6 15. Bf1
Qb7 16. Rb1 e5 17. Nd3 cxd4 18. exd4 exd4 19. Nc5 Qc7 20. Bf4 Qd8 21. Nxd7 Qxd7 22.
Bb5 Qf5 23. Bxc6 Rxc6 24. cxd4 Rd8 25. Rb5 Qc2 26. d5 Qxd1 27. Rxd1 Rc5 28. Rxc5
bxc5 29. Bc7 Rd7 30. d6 Bf8 31. Bb8 f5 32. Rc1 Kf7 33. Rxc5 Bxd6 34. Bxd6 Rxd6 35.
Rc7+ Kf6 36. Rxa7 Rd1+ 37. Kg2 Ra1 38. h4 Ra3 39. a5 Ra4 40. a6 Ra3 41. h5 Kg5 42.
Rxh7 Rxa6 43. f4+ Kg4 44. hxg6 Ra2+ 45. Kf1 Ra1+ 46. Ke2 Ra2+ 47. Kd1 Ra1+ 48. Kc2
Ra2+ 49. Kb1 Ra8 50. Rf7 Ra6 51. g7 Rg6 52. Kc2 Kf3 53. Rxf5 Rxg7 54. Rg5 Rd7 55.
f5 Ke4 56. g4 Rc7+ 57. Kb3 Kf4 58. Rg6 Ke5 59. f6 Ke6 60. g5 Rc5 61. Rg7 Rf5 62.
Kc4 Rf1 63. Kd4 Rf2 64. Ke3 Rf1 65. Re7+ Kf5 66. Rg7 Ke6 67. Kd4 Rf2 68. Kc5 Rf1
69. Kc6 Rc1+ 70. Kb7 Rb1+ 71. Kc8 Rc1+ 72. Rc7 Rf1 73. g6 Ra1 74. f7 Rf1 75. g7  1-0